| 000 | 00000nas 2200000zi 4500 |
| 001 | 9.842810 |
| 003 | CaOODSP |
| 005 | 20221107152414 |
| 006 | m o d f |
| 007 | cr ||||||||||| |
| 008 | 170831c20169999oncux m o f0 a0eng|d |
| 040 | |aCaOODSP|beng|erda|cCaOODSP |
| 043 | |an-cn--- |
| 086 | 1 |aD97-1E-PDF |
| 130 | 0 |aAwareness series (Communications Security Establishment (Canada)) |
| 245 | 10|aAwareness series. |
| 264 | 1|a[Ottawa] : |bCommunications Security Establishment = Centre de la sécurité des télécommunications, |c2016- |
| 310 | |aIrregular |
| 336 | |atext|btxt|2rdacontent |
| 337 | |acomputer|bc|2rdamedia |
| 338 | |aonline resource|bcr|2rdacarrier |
| 362 | 1 |aBegan with: ITSAP.00.001, June 2016. |
| 500 | |aIssued also in French under title: Série sensibilisation. |
| 692 | 07|2gccst|aCommunications |
| 692 | 07|2gccst|aSecurity |
| 692 | 07|2gccst|aFederal government |
| 710 | 2 |aCommunications Security Establishment (Canada) |
| 775 | 08|tSérie sensibilisation. |w(CaOODSP)9.842817 |